000 00943nam a22002537a 4500
003 DO-SdBNP
005 20250211105136.0
007 ta
008 210914e2021 dr a|||gr|||| 001 0 spa d
020 _a9789945096804.
040 _aDO-SdBNP
_bspa
_cBNPHU
082 4 _a610.97293
_bT758h
_222
245 0 0 _aTrabajos sobre la historia de la medicina dominicana /
_ceditor Herbert Stern Díaz.
260 _aSanto Domingo :
_bUSD,
_c2021
300 _a624 p. :
_bil.;
_c26 cm
500 _aIncluye datos biográficos del autor en la solapa de la cubierta
505 _aPrograma de historia de la medicina, Sexto curso/
_rDoctor Eriberto Pieter, Catedrático
590 _aInventariado, 2021/MFF
650 4 _aMedicina
_zRepública Dominicana
_xHistoria
_979887
700 1 _aStern Díaz, Herbert S.
_d1958-
_eed.
_913913
710 2 _aUniversidad de Santo Domingo
_937767
910 _aValidado. Control de calidad MFF
942 _2ddc
_cLBS1
999 _c50504
_d50504